[Event "Serbia ch 2011"]
[Site "Kragujevac SRB"]
[Date "2011.02.11"]
[Round "11.6"]
[White "Tadic, Branko"]
[Black "Perunovic, Milos"]
[Result "0-1"]
[WhiteElo "2518"]
[BlackElo "2565"]
[PlyCount "82"]
[EventDate "2011.02.28"]
[EventType "tourn"]
[EventRounds "13"]
[EventCountry "SER"]
[EventCategory "10"]
[Source "lmi"]
[SourceDate "2011.02.28"]

1. Nf3 d5 2. d4 Nf6 3. c4 c6 4. Nc3 dxc4 5. a4 Bf5 6. Ne5 Nbd7 7. Nxc4 Qc7 8.
g3 e5 9. dxe5 Nxe5 10. Bf4 Nfd7 11. Bg2 f6 12. O-O Rd8 13. Qc1 Be6 14. Ne4 Bb4
15. Nxe5 Nxe5 16. Nc5 Bc8 17. Nd3 Nxd3 18. Bxc7 Nxc1 19. Raxc1 Rd7 20. Bf4 Kf7
21. Bh3 Rd5 22. Bxc8 Rxc8 23. Rfd1 Rcd8 24. Rxd5 Rxd5 25. Kg2 Ke6 26. Kf3 a5
27. h4 Bd2 28. Bxd2 Rxd2 29. b3 Rb2 30. Rc3 Kd5 31. Ke3 h5 32. Kd3 g5 33. e4+
Kd6 34. Ke3 g4 35. f3 Rg2 36. Kf4 Rf2 37. Rd3+ Ke6 38. Rc3 Rf1 39. Re3 b5 40.
Rc3 bxa4 41. bxa4 c5 0-1

[Event "Serbia ch 2011"]
[Site "Kragujevac SRB"]
[Date "2011.03.12"]
[Round "12.1"]
[White "Drazic, Sinisa"]
[Black "Miladinovic, Igor"]
[Result "1/2-1/2"]
[WhiteElo "2487"]
[BlackElo "2556"]
[PlyCount "27"]
[EventDate "2011.02.28"]
[EventType "tourn"]
[EventRounds "13"]
[EventCountry "SER"]
[EventCategory "10"]
[Source "lmi"]
[SourceDate "2011.02.28"]

1. d4 d5 2. c4 e6 3. Nf3 Nf6 4. Nc3 Be7 5. Bg5 O-O 6. e3 h6 7. Bh4 Ne4 8. Bxe7
Qxe7 9. Bd3 Nxc3 10. bxc3 dxc4 11. Bxc4 Nd7 12. O-O b6 13. Qe2 Bb7 14. Ba6
1/2-1/2

[Event "Serbia ch 2011"]
[Site "Kragujevac SRB"]
[Date "2011.03.12"]
[Round "12.2"]
[White "Perunovic, Milos"]
[Black "Sedlak, Nikola"]
[Result "1-0"]
[WhiteElo "2565"]
[BlackElo "2556"]
[PlyCount "57"]
[EventDate "2011.02.28"]
[EventType "tourn"]
[EventRounds "13"]
[EventCountry "SER"]
[EventCategory "10"]
[Source "lmi"]
[SourceDate "2011.02.28"]

1. e4 e6 2. d4 d5 3. Nc3 Nf6 4. e5 Nfd7 5. Nf3 c5 6. Bg5 Be7 7. Bxe7 Qxe7 8.
Nb5 O-O 9. Nc7 Nxe5 10. Nxa8 Nxf3+ 11. Qxf3 e5 12. O-O-O Nc6 13. dxe5 Be6 14.
Bb5 Nd4 15. Rxd4 cxd4 16. Qf4 Rxa8 17. Bd3 Bd7 18. Qxd4 Re8 19. f4 Qh4 20. g3
Qh3 21. Qxa7 Bc6 22. Qf2 d4 23. Re1 Qe6 24. Kb1 Qd5 25. a3 h6 26. Re4 f6 27.
Qxd4 Qa5 28. Re2 Bd5 29. Bc4 1-0

[Event "Serbia ch 2011"]
[Site "Kragujevac SRB"]
[Date "2011.03.12"]
[Round "12.4"]
[White "Ivanisevic, Ivan"]
[Black "Milanovic, Danilo"]
[Result "1-0"]
[WhiteElo "2630"]
[BlackElo "2517"]
[PlyCount "87"]
[EventDate "2011.02.28"]
[EventType "tourn"]
[EventRounds "13"]
[EventCountry "SER"]
[EventCategory "10"]
[Source "lmi"]
[SourceDate "2011.02.28"]

1. d4 Nf6 2. c4 c5 3. d5 e6 4. Nc3 exd5 5. cxd5 d6 6. Nf3 g6 7. Qa4+ Bd7 8. Qb3
b5 9. Nxb5 Bxb5 10. Qxb5+ Nbd7 11. g3 Bg7 12. Bg2 O-O 13. O-O Nb6 14. Nd2 Nfxd5
15. Ne4 Qc7 16. Rd1 a6 17. Qa5 Ra7 18. Rb1 h6 19. Nc3 Nb4 20. Bf4 Rd8 21. Ne4
N4d5 22. Bxd6 Rxd6 23. Nxd6 Qxd6 24. e4 Bd4 25. exd5 Qf6 26. Qd2 Nc4 27. Qe2
Nd6 28. b4 c4 29. Qf3 Qg7 30. Qf4 Be5 31. Qe3 Re7 32. Qc5 g5 33. a4 Re8 34.
Rbc1 Qf6 35. Rc2 Rb8 36. Re2 Bc3 37. Re6 fxe6 38. Qxd6 Rd8 39. Qxa6 Bxb4 40.
Qxc4 Qc3 41. Qxc3 Bxc3 42. Rc1 Bb4 43. dxe6 Rd2 44. Rc7 1-0

[Event "Serbia ch 2011"]
[Site "Kragujevac SRB"]
[Date "2011.03.12"]
[Round "12.5"]
[White "Bogosavljevic, Boban"]
[Black "Damljanovic, Branko"]
[Result "0-1"]
[WhiteElo "2561"]
[BlackElo "2555"]
[PlyCount "72"]
[EventDate "2011.02.28"]
[EventType "tourn"]
[EventRounds "13"]
[EventCountry "SER"]
[EventCategory "10"]
[Source "lmi"]
[SourceDate "2011.02.28"]

1. Nf3 c5 2. c4 Nc6 3. d4 cxd4 4. Nxd4 Nf6 5. Nc3 e6 6. a3 a6 7. e3 d5 8. cxd5
exd5 9. Be2 Bd6 10. O-O Bc7 11. Nxc6 bxc6 12. Qa4 Bd7 13. e4 Qb8 14. h3 O-O 15.
Rd1 c5 16. Qc2 d4 17. Na4 Nxe4 18. Bd3 Bh2+ 19. Kf1 Bxa4 20. Qxa4 Nxf2 21. Kxf2
Qg3+ 22. Kf1 Rae8 23. Be2 Rxe2 24. Kxe2 Qxg2+ 25. Kd3 Qg6+ 26. Kd2 Bf4+ 27. Ke2
Qe4+ 28. Kf2 Be3+ 29. Kg3 Qf4+ 30. Kg2 Qf2+ 31. Kh1 Qf3+ 32. Kh2 Bf2 33. Rg1
Bxg1+ 34. Kxg1 Qg3+ 35. Kf1 Qxh3+ 36. Kg1 Qg3+ 0-1

[Event "Serbia ch 2011"]
[Site "Kragujevac SRB"]
[Date "2011.03.12"]
[Round "12.6"]
[White "Pikula, Dejan"]
[Black "Nestorovic, Lazar"]
[Result "1-0"]
[WhiteElo "2537"]
[BlackElo "2323"]
[PlyCount "57"]
[EventDate "2011.02.28"]
[EventType "tourn"]
[EventRounds "13"]
[EventCountry "SER"]
[EventCategory "10"]
[Source "lmi"]
[SourceDate "2011.02.28"]

1. e4 c5 2. Nf3 e6 3. d4 cxd4 4. Nxd4 Nf6 5. Nc3 d6 6. g4 h6 7. h4 Nc6 8. Rg1
h5 9. gxh5 Nxh5 10. Bg5 Nf6 11. Qd2 Qb6 12. Nb3 a6 13. O-O-O Bd7 14. Kb1 Qc7
15. Rg3 O-O-O 16. f4 Kb8 17. Bg2 Be7 18. a3 Ne8 19. f5 Nf6 20. fxe6 fxe6 21.
Nd5 exd5 22. exd5 Ne5 23. Rc3 Qb6 24. Be3 Qb5 25. Qd4 Nc6 26. dxc6 Bxc6 27.
Qa7+ Kc8 28. Rxc6+ bxc6 29. Bb6 1-0

[Event "Serbia ch 2011"]
[Site "Kragujevac SRB"]
[Date "2011.03.12"]
[Round "12.7"]
[White "Saric, Sinisa"]
[Black "Abramovic, Bosko"]
[Result "1/2-1/2"]
[WhiteElo "2448"]
[BlackElo "2460"]
[PlyCount "143"]
[EventDate "2011.02.28"]
[EventType "tourn"]
[EventRounds "13"]
[EventCountry "SER"]
[EventCategory "10"]
[Source "lmi"]
[SourceDate "2011.02.28"]

1. d4 e6 2. c4 Bb4+ 3. Nd2 d5 4. Ngf3 Nf6 5. Qa4+ Nc6 6. a3 Be7 7. e3 O-O 8.
Qc2 Re8 9. b3 Bf8 10. Bb2 Nd7 11. Bd3 g6 12. h4 h6 13. O-O-O Bg7 14. g4 Qe7 15.
g5 h5 16. e4 dxc4 17. Nxc4 e5 18. d5 Nd4 19. Nxd4 exd4 20. Rhe1 Nc5 21. b4
Nxd3+ 22. Qxd3 a5 23. Nxa5 Qd6 24. Bxd4 Qf4+ 25. Qe3 Qxh4 26. Bxg7 Kxg7 27. e5
b6 28. Rd4 Qh3 29. Nc4 Qxe3+ 30. Rxe3 Bd7 31. Kb2 Rad8 32. Kc3 Bf5 33. a4 Rh8
34. d6 c5 35. bxc5 bxc5 36. Rh4 Rb8 37. Re2 Rb1 38. Rb2 Ra1 39. a5 Be6 40. Kd2
Re8 41. Rb5 Ra2+ 42. Kc3 Rxf2 43. Rxc5 Rg2 44. Nb6 Rxg5 45. a6 Rg3+ 46. Kb4 Rb8
47. Rb5 Rb3+ 48. Ka5 Ra3+ 49. Ra4 Rxa4+ 50. Kxa4 h4 51. a7 Rd8 52. Rb2 h3 53.
a8=Q Rxa8+ 54. Nxa8 g5 55. Nc7 Bd7+ 56. Ka5 g4 57. Nd5 Kg6 58. Ne3 g3 59. Kb6
Kg5 60. Kc7 Be6 61. Rb4 h2 62. Rb1 Kf4 63. Re1 Kf3 64. Nf1 Kf2 65. Nxh2 Kxe1
66. Nf3+ Kf2 67. Nh4 g2 68. Nxg2 Kxg2 69. d7 Bxd7 70. Kxd7 Kf3 71. Ke7 Ke4 72.
Kxf7 1/2-1/2

[Event "Serbia ch 2011"]
[Site "Kragujevac SRB"]
[Date "2011.03.13"]
[Round "13.1"]
[White "Abramovic, Bosko"]
[Black "Drazic, Sinisa"]
[Result "1/2-1/2"]
[WhiteElo "2460"]
[BlackElo "2487"]
[PlyCount "25"]
[EventDate "2011.02.28"]
[EventType "tourn"]
[EventRounds "13"]
[EventCountry "SER"]
[EventCategory "10"]
[Source "lmi"]
[SourceDate "2011.02.28"]

1. d4 Nf6 2. c4 g6 3. Nf3 Bg7 4. g3 O-O 5. Bg2 d6 6. O-O a6 7. Nc3 Nc6 8. h3
Rb8 9. e4 e5 10. dxe5 Nxe5 11. Nxe5 dxe5 12. Qxd8 Rxd8 13. Nd5 1/2-1/2

[Event "Serbia ch 2011"]
[Site "Kragujevac SRB"]
[Date "2011.03.13"]
[Round "13.2"]
[White "Nestorovic, Lazar"]
[Black "Saric, Sinisa"]
[Result "1/2-1/2"]
[WhiteElo "2323"]
[BlackElo "2448"]
[PlyCount "75"]
[EventDate "2011.02.28"]
[EventType "tourn"]
[EventRounds "13"]
[EventCountry "SER"]
[EventCategory "10"]
[Source "lmi"]
[SourceDate "2011.02.28"]

1. e4 d5 2. exd5 Qxd5 3. Nc3 Qa5 4. d4 Nf6 5. Bc4 Bg4 6. Nf3 Nc6 7. Bb5 Ne4 8.
Qd3 Nxc3 9. bxc3 Bxf3 10. gxf3 O-O-O 11. Bxc6 bxc6 12. O-O e6 13. Bf4 Bd6 14.
Bg3 h5 15. Rfe1 h4 16. Be5 Bxe5 17. Rxe5 Rd5 18. f4 h3 19. c4 Rxe5 20. fxe5 Qb4
21. a3 Qe7 22. f4 Rh4 23. Rf1 g5 24. f5 Qd7 25. c3 exf5 26. Rxf5 Rf4 27. Rxf4
gxf4 28. Kf2 Qg4 29. Qe4 Kd7 30. d5 c5 31. a4 a5 32. Qf3 Qf5 33. Qe2 Ke7 34.
Kf3 Qh5+ 35. Kf2 Qf5 36. Kf3 Qh5+ 37. Kf2 Qf5 38. Kf3 1/2-1/2

[Event "Serbia ch 2011"]
[Site "Kragujevac SRB"]
[Date "2011.03.13"]
[Round "13.4"]
[White "Milanovic, Danilo"]
[Black "Bogosavljevic, Boban"]
[Result "0-1"]
[WhiteElo "2517"]
[BlackElo "2561"]
[PlyCount "98"]
[EventDate "2011.02.28"]
[EventType "tourn"]
[EventRounds "13"]
[EventCountry "SER"]
[EventCategory "10"]
[Source "lmi"]
[SourceDate "2011.02.28"]

1. d4 Nf6 2. c4 e6 3. Nc3 Bb4 4. e3 O-O 5. Bd3 d6 6. Nge2 e5 7. O-O Ba5 8. a3
c6 9. b4 Bc7 10. d5 a5 11. Bd2 b5 12. Qb3 bxc4 13. Bxc4 Bb7 14. Rac1 axb4 15.
axb4 Nbd7 16. dxc6 Bxc6 17. Nd5 Bxd5 18. Bxd5 Nxd5 19. Qxd5 Nf6 20. Qb7 Bb6 21.
Rfd1 d5 22. Rc6 Rb8 23. Qa6 Re8 24. Be1 d4 25. Ng3 Nd5 26. e4 Nf4 27. Bd2 g6
28. h3 h5 29. Nf1 Ne6 30. Rdc1 d3 31. R1c3 Nd4 32. Rxd3 Nxc6 33. Rxd8 Rexd8 34.
Qa4 Nd4 35. Bg5 Ra8 36. Qd1 Rdc8 37. Kh1 Ra2 38. Be3 Rcc2 39. h4 Kg7 40. Ng3
Ne2 41. Nxh5+ gxh5 42. Qd6 Ng3+ 43. fxg3 Bxe3 44. Qxe5+ Kh7 45. Qxh5+ Kg8 46.
e5 Rxg2 47. Qg4+ Kf8 48. Qc8+ Kg7 49. Qg4+ Kh6 0-1

[Event "Serbia ch 2011"]
[Site "Kragujevac SRB"]
[Date "2011.03.13"]
[Round "13.5"]
[White "Tadic, Branko"]
[Black "Ivanisevic, Ivan"]
[Result "0-1"]
[WhiteElo "2518"]
[BlackElo "2630"]
[PlyCount "88"]
[EventDate "2011.02.28"]
[EventType "tourn"]
[EventRounds "13"]
[EventCountry "SER"]
[EventCategory "10"]
[Source "lmi"]
[SourceDate "2011.02.28"]

1. Nf3 g6 2. c4 c5 3. g3 Bg7 4. Bg2 Nc6 5. Nc3 b6 6. d3 Bb7 7. O-O Nh6 8. d4
O-O 9. d5 Na5 10. b3 f5 11. Qc2 Nf7 12. Rd1 Qe8 13. Bb2 e5 14. e4 Nd6 15. exf5
Rxf5 16. Re1 Qf8 17. Nh4 Rh5 18. Ne4 Nxe4 19. Qxe4 Qf7 20. Bf3 Rxh4 21. gxh4
Rf8 22. Re3 d6 23. Rf1 Bh6 24. Rd3 Bf4 25. Bc1 Qe7 26. Bg4 Kg7 27. Be6 Bxc1 28.
Rxc1 Qxe6 29. dxe6 Bxe4 30. Rxd6 Kf6 31. Rd7 Kxe6 32. Rxa7 Nc6 33. Rb7 Nd4 34.
Rxb6+ Kf5 35. Rd1 Ra8 36. a4 Bc2 37. Ra1 Bxb3 38. a5 Bxc4 39. a6 Ra7 40. Ra5
Ne2+ 41. Kg2 Nf4+ 42. Kg3 Rd7 43. Ra3 Rd1 44. h3 Bd5 0-1

[Event "Serbia ch 2011"]
[Site "Kragujevac SRB"]
[Date "2011.03.13"]
[Round "13.6"]
[White "Sedlak, Nikola"]
[Black "Lukovic, Vladimir"]
[Result "1-0"]
[WhiteElo "2556"]
[BlackElo "2234"]
[PlyCount "69"]
[EventDate "2011.02.28"]
[EventType "tourn"]
[EventRounds "13"]
[EventCountry "SER"]
[EventCategory "10"]
[Source "lmi"]
[SourceDate "2011.02.28"]

1. d4 d5 2. c4 c6 3. Nf3 Nf6 4. e3 a6 5. Qc2 g6 6. Bd3 Bg7 7. Nbd2 O-O 8. b4
Nbd7 9. Bb2 e5 10. dxe5 Ng4 11. O-O Ngxe5 12. h3 dxc4 13. Bxc4 Nxf3+ 14. Nxf3
Bxb2 15. Qxb2 Qf6 16. Qxf6 Nxf6 17. Rfd1 Bf5 18. Nd4 Be4 19. f3 Bd5 20. Bf1
Rad8 21. e4 Be6 22. Kf2 Bc8 23. a4 Nd7 24. Rac1 Kg7 25. a5 Rfe8 26. Bxa6 Nf8
27. Be2 Ne6 28. Nxe6+ Bxe6 29. f4 f6 30. Rxd8 Rxd8 31. a6 bxa6 32. Rxc6 Bc8 33.
Rc7+ Kh8 34. Ke3 h5 35. Rf7 1-0